LEADER 00944nam a2200205 i 4500 001 000000192920 003 CaOOAMICUS 005 20101005000000.0 008 101005s1933 it u000 u ita u 013 $a171558 040 $aSeMil$bita 100 1 $aSalucci, Raffaele.$0(OLS)http://semarc/name/10478 245 10$aRosina Diotallevi 1908 - 1930 :$bun fiore di virtù in terra di Marche /$cMons. Raffaele Salucci. 260 $aMontemarciano :$bIndustrie Grafiche Rosati & C.,$c1933. 300 $aXI, 210 p., [12] p. di tav. ;$c21 cm. 650 4$aDiotallevi, Rosina 1908 - 1930.$0(OLS)http://semarc/subject/36294 850 $aSeMil 852 $aSeMil$W1$xVenegono$y1$m3J II 185$j143494$B143494$CSeMilBibl$Z2$F154965 $81 996 $6245$aRosina Diotallevi 1908 - 1930 :$bun fiore di virtù in terra di Marche$9(OLS)http://semarc/title/278105 996 $6260$aMontemarciano :$bIndustrie Grafiche Rosati & C.$9(OLS)http://semarc/publisher/50435 LEADER 01135nam a2200277 i 4500 001 000000122736 003 CaOOAMICUS 005 20250512153141.0 008 040209s2003 it u000 u ita u 020 $a88-8065-239-7 040 $aSeMil$bita 100 1 $aMiano, Francesco.$0(OLS)http://semarc/name/43195 245 10$aDimensioni del soggetto :$balterità, relazionalità, trascendenza /$cFrancesco Miano. 264 1$aRoma :$bAVE,$c2003. 300 $a94 p. ;$c24 cm. 490 1 $aPolis ;$v16 650 4$aFilosofia e politica.$0(OLS)http://semarc/subject/13228 650 4$aAntropologia filosofica.$0(OLS)http://semarc/subject/976 830 0$aPolis ;$v16.$0(OLS)http://semarc/title/578 850 $aSeMil 852 $aSeMil$W1$xVenegono$y1$m3TA O 16$j256778$B77653$CSeMilBibl$Z2$F79834 $81 961 $aOmaggio: Bressan don Luca 996 $6020$a88-8065-239-7$9(OLS)http://semarc/number/108421 996 $6245$aDimensioni del soggetto :$balterità, relazionalità, trascendenza$9(OLS)http://semarc/title/180734 996 $6264$aRoma :$bAVE$9(OLS)http://semarc/publisher/30251